Vybrané opatrenia energetickej politiky v čase hospodárskej krízy
Energetická politika Slovenskej republiky. Priority energetickej politiky SR. Vplyv hospodárskej krízy na energetický sektor. Opatrenia energetickej politiky SR v čase hospodárskej krízy.
Saved in:
| Main Author: | |
|---|---|
| Other Authors: | |
| Format: | Book Chapter |
| Language: | Slovak |
| Subjects: | |
| Tags: |
No Tags, Be the first to tag this record!
|
MARC
| LEADER | 00000nla$a2200000$$$4500 | ||
|---|---|---|---|
| 001 | 0105713 | ||
| 005 | 20240502072156.5 | ||
| 041 | 0 | |a slo | |
| 044 | |a SK | ||
| 245 | 1 | 0 | |a Vybrané opatrenia energetickej politiky v čase hospodárskej krízy |c Ján Lukáčik, Peter Marčan |
| 520 | |a Energetická politika Slovenskej republiky. Priority energetickej politiky SR. Vplyv hospodárskej krízy na energetický sektor. Opatrenia energetickej politiky SR v čase hospodárskej krízy. | ||
| 610 | 2 | 0 | |a energetika |
| 610 | 2 | 0 | |a politika energetická |
| 610 | 2 | 0 | |a zdroje energetické |
| 610 | 2 | 0 | |a zdroje energie obnoviteľné |
| 610 | 2 | 0 | |a zdroje energie prírodné |
| 610 | 2 | 0 | |a ceny |
| 610 | 2 | 0 | |a spotreba |
| 610 | 2 | 0 | |a kríza hospodárska |
| 610 | 2 | 0 | |a Slovensko |
| 100 | 1 | |a Lukáčik, Ján | |
| 700 | 1 | |a Marčan, Peter | |